[Event "COL-ch"]
[Site "Palmira"]
[Date "2017.05.18"]
[Round "6"]
[White "Pena Duarte, Fabian Dario"]
[Black "Becerra, Juan David"]
[Result "0-1"]
[WhiteElo "2218"]
[BlackElo "2333"]
[PlyCount "100"]
[EventDate "2017.05.15"]
[EventType "swiss"]
[EventRounds "10"]
[EventCountry "COL"]
[SourceTitle "CBM 178 Extra"]
[Source "ChessBase"]
[SourceDate "2017.06.22"]
[SourceVersion "1"]
[SourceVersionDate "2017.06.22"]
[SourceQuality "1"]

1. e4 e5 2. Nf3 Nc6 3. d4 exd4 4. Nxd4 Bb4+ 5. c3 Bc5 6. Nxc6 bxc6 7. Bd3 Qh4 8. Qe2 Nf6 9. h3 0-0 10. Nd2 d5 11. Nf3 Qh5 12. e5 Re8 13. Rh2 Bf5 14. Bf4 Bxd3 15. Qxd3 Ne4 16. g4 Qg6 17. Qc2 Ng5 18. Qxg6 Nxf3+ 19. Ke2 fxg6 20. Kxf3 Rf8 21. Kg3 Rae8 22. Re1 Bd6 23. h4 h6 24. g5 hxg5 25. hxg5 Re7 26. f3 Ref7 27. exd6 Rxf4 28. Rf2 cxd6 29. Re6 R4f5 30. Rxg6 Kf7 31. Rxd6 Rxg5+ 32. Kf4 Ke7+ 33. Kxg5 Kxd6 34. Kg6 c5 35. Kxg7 Rf4 36. Kg6 d4 37. cxd4 cxd4 38. Kg5 Rf8 39. f4 Kd5 40. Re2 d3 41. Re1 Kd4 42. f5 d2 43. Rh1 Ke4 44. Rh4+ Kd3 45. Rh1 Ke4 46. Rh4+ Ke5 47. Rh1 Rxf5+ 48. Kg4 Ke4 49. b4 Rd5 50. Rd1 Ke3 0-1

[Event "COL-ch"]
[Site "Palmira"]
[Date "2017.05.15"]
[Round "1"]
[White "Pena Duarte, Fabian Dario"]
[Black "Lopez Rayo, Santiago"]
[Result "1-0"]
[WhiteElo "2218"]
[BlackElo "1583"]
[PlyCount "43"]
[EventDate "2017.05.15"]
[EventType "swiss"]
[EventRounds "10"]
[EventCountry "COL"]
[SourceTitle "CBM 178 Extra"]
[Source "ChessBase"]
[SourceDate "2017.06.22"]
[SourceVersion "1"]
[SourceVersionDate "2017.06.22"]
[SourceQuality "1"]

1. e4 c5 2. Nf3 g6 3. h4 h6 4. h5 g5 5. d4 cxd4 6. Nxd4 d6 7. Nc3 Bg7 8. Bb5+ Bd7 9. Nf5 Bxc3+ 10. bxc3 Bxb5 11. c4 Bc6 12. Bb2 Rh7 13. Qf3 Qa5+ 14. Bc3 Qa3 15. Rh3 Qa4 16. Ng7+ Rxg7 17. Bxg7 f6 18. Qf5 Qb4+ 19. c3 Qxc4 20. Qc8+ Kf7 21. Qf8+ Ke6 22. Qxg8+ 1-0

[Event "COL-ch Amateur U2300"]
[Site "Bogota"]
[Date "2017.03.05"]
[Round "7"]
[White "Tirado, Juan Camilo"]
[Black "Pena Duarte, Fabian Dario"]
[Result "0-1"]
[WhiteElo "2049"]
[BlackElo "2205"]
[PlyCount "76"]
[EventDate "2017.03.02"]
[EventType "swiss"]
[EventRounds "7"]
[EventCountry "COL"]
[SourceTitle "CBM 177 Extra"]
[Source "ChessBase"]
[SourceDate "2017.04.27"]
[SourceVersion "1"]
[SourceVersionDate "2017.04.27"]
[SourceQuality "1"]

1. Nf3 g6 2. e4 Bg7 3. d4 c5 4. dxc5 Qa5+ 5. c3 Qxc5 6. Be3 Qc7 7. Qc2 Nc6 8. Na3 Nf6 9. Nb5 Qb8 10. Rd1 0-0 11. g3 a6 12. Nbd4 d6 13. Bg2 e5 14. Ne2 b5 15. 0-0 Bb7 16. h3 Qc7 17. Nh4 Rfe8 18. g4 Rad8 19. Ng3 Qe7 20. Bb6 Rc8 21. Nhf5 gxf5 22. Nxf5 Qf8 23. Nxd6 Nd4 24. Rxd4 exd4 25. Nxc8 dxc3 26. Na7 Qd6 27. Be3 Bxe4 28. Bxe4 Nxe4 29. bxc3 Qc7 30. Rd1 Nxc3 31. Re1 Bd4 32. Qd2 Qxa7 33. Bxd4 Rxe1+ 34. Kh2 Ne4 35. Qxe1 Qxd4 36. Kg2 Kg7 37. Qe2 a5 38. Kf3 Qxf2+ 0-1

[Event "COL pre olympic sf"]
[Site "Bogota"]
[Date "2016.05.26"]
[Round "3"]
[White "Pena Duarte, Fabian Dario"]
[Black "Loaiza, Yurani"]
[Result "0-1"]
[WhiteElo "2210"]
[BlackElo "1962"]
[PlyCount "84"]
[EventDate "2016.05.25"]
[EventType "swiss"]
[EventRounds "9"]
[EventCountry "COL"]
[SourceTitle "CBM 172 Extra"]
[Source "ChessBase"]
[SourceDate "2016.06.21"]
[SourceVersion "1"]
[SourceVersionDate "2016.06.21"]
[SourceQuality "1"]

1. e4 e5 2. Nf3 Nf6 3. d4 Nxe4 4. Bd3 d5 5. Nxe5 Nd7 6. Nxd7 Bxd7 7. 0-0 Bd6 8. c4 c6 9. cxd5 cxd5 10. Nc3 Nxc3 11. bxc3 0-0 12. Qh5 g6 13. Qxd5 Qc7 14. Qf3 Bxh2+ 15. Kh1 Bd6 16. Qf6 Rfe8 17. Bh6 Bf8 18. Bxf8 Rxf8 19. d5 Rfe8 20. Rae1 Rac8 21. c4 Qa5 22. Re7 Rxe7 23. Qxe7 Qa4 24. f4 Re8 25. Qf6 Qa3 26. Qd4 b6 27. f5 Qd6 28. Qh4 Qe5 29. Qh6 Qe3 30. Rf4 Qxd3 31. Rh4 Qxf5 32. Qxh7+ Kf8 33. Qh6+ Ke7 34. c5 Qxd5 35. cxb6 Kd8 36. Qf4 axb6 37. Qb8+ Ke7 38. Qxb6 Qd1+ 39. Kh2 Qd6+ 40. Qxd6+ Kxd6 41. Rd4+ Kc7 42. Rf4 Be6 0-1

[Event "COL pre olympic sf"]
[Site "Bogota"]
[Date "2016.05.25"]
[Round "1"]
[White "Pena Duarte, Fabian Dario"]
[Black "Acosta, Jaime"]
[Result "1-0"]
[WhiteElo "2210"]
[BlackElo "1623"]
[PlyCount "29"]
[EventDate "2016.05.25"]
[EventType "swiss"]
[EventRounds "9"]
[EventCountry "COL"]
[SourceTitle "CBM 172 Extra"]
[Source "ChessBase"]
[SourceDate "2016.06.21"]
[SourceVersion "1"]
[SourceVersionDate "2016.06.21"]
[SourceQuality "1"]

1. e4 d6 2. d4 f5 3. Nc3 fxe4 4. Nxe4 Bf5 5. Bd3 Bxe4 6. Bxe4 Nc6 7. Qh5+ Kd7 8. d5 Ne5 9. Bf5+ e6 10. Bxe6+ Ke7 11. Bxg8 g6 12. Qe2 h6 13. Be6 Kf6 14. f4 Nd7 15. Bd2 1-0

[Event "Bogota Distrital-ch 78th"]
[Site "Bogota"]
[Date "2016.04.09"]
[Round "4"]
[White "Lopez Ramirez, Jorge Hernan"]
[Black "Pena Duarte, Fabian Dario"]
[Result "0-1"]
[WhiteElo "1989"]
[BlackElo "2189"]
[PlyCount "32"]
[EventDate "2016.04.08"]
[EventType "swiss"]
[EventRounds "6"]
[EventCountry "COL"]
[SourceTitle "CBM 172 Extra"]
[Source "ChessBase"]
[SourceDate "2016.06.21"]
[SourceVersion "1"]
[SourceVersionDate "2016.06.21"]
[SourceQuality "1"]

1. e4 e6 2. d4 d5 3. Bd3 Nf6 4. Nd2 c5 5. c3 b6 6. Ne2 Be7 7. 0-0 dxe4 8. Nxe4 Bb7 9. N2g3 cxd4 10. cxd4 h5 11. Be3 Nbd7 12. h3 h4 13. Nxf6+ Nxf6 14. Ne2 g5 15. Bxg5 Qd5 16. f3 Qxg5 0-1

[Event "Bogota Distrital-ch 78th"]
[Site "Bogota"]
[Date "2016.04.08"]
[Round "2"]
[White "Pena Duarte, Fabian Dario"]
[Black "Ramirez, Francisco Javier"]
[Result "1-0"]
[WhiteElo "2189"]
[BlackElo "1936"]
[PlyCount "173"]
[EventDate "2016.04.08"]
[EventType "swiss"]
[EventRounds "6"]
[EventCountry "COL"]
[SourceTitle "CBM 172 Extra"]
[Source "ChessBase"]
[SourceDate "2016.06.21"]
[SourceVersion "1"]
[SourceVersionDate "2016.06.21"]
[SourceQuality "1"]

1. e4 e6 2. d4 d5 3. Nc3 Nf6 4. Bg5 Be7 5. e5 Nfd7 6. Bxe7 Qxe7 7. Nf3 a6 8. Qd2 c5 9. dxc5 Nc6 10. Qf4 Qxc5 11. Bd3 Qb4 12. Qxb4 Nxb4 13. Kd2 Nc6 14. Rhe1 b5 15. a3 Bb7 16. Na2 h6 17. Nb4 Nxb4 18. axb4 Ke7 19. Nd4 g6 20. Re2 h5 21. f4 Nb6 22. b3 Kd7 23. g3 Nc8 24. h3 Ne7 25. Rg1 Nf5 26. Bxf5 gxf5 27. Re3 Rhg8 28. Ke2 Rac8 29. Kf2 Rg7 30. Rd3 Ke7 31. c3 Rcg8 32. Nf3 Rc8 33. Rgd1 Rc7 34. Ng5 Bc8 35. Ke3 f6 36. exf6+ Kxf6 37. h4 Bd7 38. Kd4 Bc8 39. Re3 Rc6 40. Rde1 Bd7 41. Rg1 Bc8 42. Nf3 Rcc7 43. Ne5 Rg8 44. Nd3 Rg4 45. Rf1 Rg8 46. Nc5 Rc6 47. Ra1 Rd8 48. Rd3 Rg8 49. Re3 Rd8 50. Kd3 Rg8 51. Ke2 Rd8 52. Rd1 Rdd6 53. Red3 Ke7 54. Ke3 Rb6 55. R3d2 Rbc6 56. Ra2 Kf6 57. Kd4 Rb6 58. Rda1 Rdc6 59. Nd3 Rc7 60. Nc5 Rcc6 61. Ra3 Rd6 62. Nd3 Rdc6 63. Rc1 Rd6 64. Ne5 Bb7 65. Kc5 Ke7 66. Ra5 Kf6 67. Nd7+ Rxd7 68. Kxb6 Ke7 69. Ra2 Kd6 70. Rd2 Bc6 71. Re1 Re7 72. Rde2 Bd7 73. c4 bxc4 74. bxc4 Bc8 75. c5+ Kd7 76. Rc1 Rg7 77. Rc3 Rg6 78. Re5 Rg7 79. Ra3 Rg8 80. b5 axb5 81. Ra7+ Kd8 82. Kxb5 Rxg3 83. Kc6 Rg8 84. Kd6 Rh8 85. Ra8 Rh6 86. c6 Rh7 87. Rxe6 1-0

[Event "Ortega op 5th"]
[Site "Ortega"]
[Date "2015.06.13"]
[Round "3"]
[White "Pena Duarte, Fabian Dario"]
[Black "Ducuara Alape, Eduardo"]
[Result "1-0"]
[WhiteElo "2203"]
[BlackElo "1630"]
[PlyCount "27"]
[EventDate "2015.06.12"]
[EventType "swiss"]
[EventRounds "7"]
[EventCountry "COL"]
[SourceTitle "CBM 167 Extra"]
[Source "ChessBase"]
[SourceDate "2015.09.14"]
[SourceVersion "1"]
[SourceVersionDate "2015.09.14"]
[SourceQuality "1"]

1. e4 e6 2. d4 d5 3. Nc3 Nf6 4. Bg5 Be7 5. e5 Nfd7 6. Bxe7 Qxe7 7. Nf3 b6 8. Bd3 Ba6 9. 0-0 Bxd3 10. cxd3 0-0 11. Nb5 Rc8 12. Rc1 c5 13. b4 Rf8 14. Nc7 1-0

[Event "COL-chT Cup"]
[Site "Bogota"]
[Date "2015.06.06"]
[Round "2.4"]
[White "Pena Duarte, Fabian Dario"]
[Black "Alvarez Gamez, Ismael"]
[Result "1/2-1/2"]
[WhiteElo "2203"]
[BlackElo "1938"]
[PlyCount "80"]
[EventDate "2015.06.06"]
[EventType "team-swiss"]
[EventRounds "6"]
[EventCountry "COL"]
[SourceTitle "CBM 166 Extra"]
[Source "ChessBase"]
[SourceDate "2015.06.18"]
[SourceVersion "1"]
[SourceVersionDate "2015.06.18"]
[SourceQuality "1"]
[WhiteTeam "Bogota Sicoopweb"]
[BlackTeam "Choco"]
[WhiteTeamCountry "COL"]
[BlackTeamCountry "COL"]

1. e4 c5 2. Nf3 e6 3. d4 cxd4 4. Nxd4 a6 5. g3 Qc7 6. Bg2 b5 7. 0-0 Bb7 8. a4 Nc6 9. axb5 Nxd4 10. Qxd4 axb5 11. Rxa8+ Bxa8 12. Nc3 Bc6 13. Bf4 d6 14. e5 d5 15. Ra1 Ne7 16. Ra7 Qb8 17. Qc5 Bd7 18. Ra6 Nc8 19. Qd4 Qb7 20. Ra1 Bc6 21. Be3 Be7 22. Qg4 0-0 23. Bh6 g6 24. Bxf8 Bxf8 25. Qd4 Be7 26. Ne2 Nb6 27. b3 Nd7 28. Qa7 Bc5 29. Qxb7 Bxb7 30. c4 bxc4 31. bxc4 Nxe5 32. Ra5 Bb6 33. Ra4 Bc6 34. Rb4 Bxf2+ 35. Kf1 Bc5 36. Rb8+ Kg7 37. cxd5 exd5 38. Rc8 Be3 39. Rxc6 Nxc6 40. Bxd5 Ne5 1/2-1/2

[Event "Tercer Piso op"]
[Site "Tercer Piso"]
[Date "2015.03.22"]
[Round "5"]
[White "Garcia Alarcon, Alvaro"]
[Black "Pena Duarte, Fabian Dario"]
[Result "0-1"]
[WhiteElo "2197"]
[BlackElo "2185"]
[PlyCount "40"]
[EventDate "2015.03.21"]
[EventType "swiss"]
[EventRounds "7"]
[EventCountry "COL"]
[SourceTitle "CBM 165 Extra"]
[Source "ChessBase"]
[SourceDate "2015.04.21"]
[SourceVersion "1"]
[SourceVersionDate "2015.04.21"]
[SourceQuality "1"]

1. d4 Nf6 2. c4 g6 3. Nc3 Bg7 4. e4 d6 5. Nge2 0-0 6. Ng3 c5 7. d5 a6 8. a4 e6 9. Be2 exd5 10. exd5 Nbd7 11. 0-0 Re8 12. f4 Nf8 13. Ra3 h5 14. f5 h4 15. fxg6 hxg3 16. gxf7+ Kxf7 17. Bh5+ Kg8 18. Bxe8 Qxe8 19. Bf4 gxh2+ 20. Bxh2 Ng4 0-1